Prawda czy fałsz dla Kolegi Ignacego - Statystyki

Ogólne statystyki
  • Ten quiz został rozwiązany 774 razy
  • Średni wynik to 6 z 10
Statystyki odpowiedzi
Zagadnienie Odpowiedź % Poprawnych
Najdroższy tranafer w historii piłki nożnej wynosi więcej niż 200mln €. Prawda
82%
Strajk nauczycieli rozpoczął się oficjalnie 8 kwietnia. Prawda
81%
Kosowo nie jest uznawane przez Polskę. Fałsz
76%
Ostatnim zwycięzcą Złotej Piłki przed erą Ronaldo i Messiego był Kaka. Prawda
72%
Nigdy rzecz została nagrodzona tytułem Człowieka Roku magazynu "Time". Fałsz
66%
Czechy zmieniły swoją nazwę angielską. Prawda
57%
Obecnie są 4 filmy, które mają 11 (najwęcej) Oscarów. Fałsz
50%
Jedyną flagą z kolorem fioletowym jest flaga Dominiki. Prawda
47%
Irak ma dostęp do broni atomowej/jądrowej. Fałsz
41%
Największym kanałem na YouTube pod względem subskrybcji jest T-Series. Fałsz
34%
Nie znaleziono quizów pasujących do podanych kryteriów
Rozkład punktacji
Procent ludzi z każdym wynikiem
Percentyl według liczby udzielonych odpowiedzi
Twoja historia wyników
Nie rozwiązałeś tego quizu